00450nam a2200181Ia 4500003000400000005001700004008004000021020001800061040000700079041001200086082001800098100001800116245004700134260003400181300001300215650001900228700002100247OSt20250701111145.0210210b2001 xxu||||| |||| 00| 0 eng d a81 219 1482 5 cAL aEnglish a001.6402 AGGM aAggarwal R S  aMathematics for M C A entrance examination aNDbS. Chand & Co. Ltd.c2001 aviii,311 aM C A entrance aAggarwal, Deepak